G. Bradshaw's map of canals, navigable rivers, rail roads &c., in the midland counties of England (Record no. 114612)

MARC details
000 -LEADER
fixed length control field 01145cem a22002055a 4500
001 - CONTROL NUMBER
control field L157122
008 - FIXED-LENGTH DATA ELEMENTS--GENERAL INFORMATION
fixed length control field 120904e18290212xxk f 000 0 eng d
035 ## - SYSTEM CONTROL NUMBER
System control number (Sirsi) u157122
041 0# - LANGUAGE CODE
Language code of text/sound track or separate title eng
100 1# - MAIN ENTRY--PERSONAL NAME
Personal name Bradshaw, George
Dates associated with a name 1801-1853
245 03 - TITLE STATEMENT
Title G. Bradshaw's map of canals, navigable rivers, rail roads &c., in the midland counties of England
Remainder of title from actual survey shewing the heights of the ponds on the lines of navigation from a level of 6ft. 10in. under the Old Dock Sill at Liverpool
Statement of responsibility, etc. from levels taken by Twyford & Wilson surveyors & engineers
260 ## - PUBLICATION, DISTRIBUTION, ETC.
Place of publication, distribution, etc. Manchester
Name of publisher, distributor, etc. G. Bradshaw
Date of publication, distribution, etc. 12th February, 1829
300 ## - PHYSICAL DESCRIPTION
Extent 1 map
Other physical details hand col., dissected and mounted on linen in 4 pieces
Dimensions 125 x 116 cm., folded to 23 x 16 cm, in slip case 26 cm.
520 ## - SUMMARY, ETC.
Summary, etc. Dedication: "To Thomas Telford F.R.S. L.& E. president of the Institution of Civil Engineers this map as a tribute of respect is by permission dedicated by his obliged G. Bradshaw"
520 ## - SUMMARY, ETC.
Summary, etc. Scale [ca.1:126,720]. 2 miles to an inch.
583 ## - ACTION NOTE
Action Condition reviewed
Time/date of action 20120620
Status condition level 3
651 #4 - SUBJECT ADDED ENTRY--GEOGRAPHIC NAME
Geographic name England
Chronological subdivision 886-
690 ## - LOCAL SUBJECT ADDED ENTRY--TOPICAL TERM (OCLC, RLIN)
Topical term or geographic name as entry element Infrastructure
9 (RLIN) 6246
942 ## - ADDED ENTRY ELEMENTS (KOHA)
Suppress in OPAC 0
Holdings
Withdrawn status Lost status Source of classification or shelving scheme Damaged status Not for loan Home library Current library Shelving location Date acquired Total Checkouts Full call number Barcode Date last seen Copy number Price effective from Koha item type
    Dewey Decimal Classification     Historic collection Historic collection Historic collection 04/09/2012   MAP 1829 BRADSHAWS 30077048 06/08/2019 1 06/08/2019 Book